Marcatori dell'Argentina in Copa América 2007 - Statistics

Statistiche generali
  • Questo quiz è stato fatto 3 volte
  • Il punteggio medio è 8 su 16
Statistiche sulle risposte
Partita Minuto Marcatore % Corretto
Argentina - Stati Uniti 4-1 11' Hernán Crespo
100%
Argentina - Stati Uniti 4-1 60' Hernán Crespo
100%
Argentina - Colombia 4-2 20' Hernán Crespo
100%
Argentina - Perù 4-0 61' Lionel Messi
100%
Argentina - Stati Uniti 4-1 87' Carlos Tévez
67%
Argentina - Colombia 4-2 34' Juan Román Riquelme
67%
Argentina - Colombia 4-2 46' Juan Román Riquelme
67%
Argentina - Perù 4-0 47' Juan Román Riquelme
67%
Argentina - Perù 4-0 85' Juan Román Riquelme
67%
Argentina - Colombia 4-2 92' Diego Milito
33%
Argentina - Messico 3-0 45' Gabriel Heinze
0%
Argentina - Paraguay 1-0 79' Javier Mascherano
0%
Argentina - Perù 4-0 75' Javier Mascherano
0%
Argentina - Messico 3-0 66' Juan Román Riquelme
0%
Argentina - Messico 3-0 61' Lionel Messi
0%
Argentina - Stati Uniti 4-1 76' Pablo Aimar
0%
Nessun quiz corrispondente trovato
Distribuzione punteggi
Percentuale di utenti per punteggio
Percentile per numero di risposta
I tuoi punteggi nel tempo
Non hai fatto questo quiz